000 00323nam a22001217a 4500
008 181126b xxu||||| |||| 00| 0 eng d
041 _aeng
080 _a043.3
100 _a0
101 _aBTH-SI
245 _aSistemet e Informacionit të menaxhimit në fushën e shërbimeve telekomunikative
_cCuna,G
942 _2udc
_cBK
999 _c52516
_d52516